000 00572nam a2200253Ia 4500
008 210210b2009 xxu||||| |||| 00| 0 eng d
041 _aeng
082 _a032.02 ANAB
100 _aANAND (Shyam)
245 _aBookhives UGC-NET compulsory paper I Rev Ed 2
250 _a
260 _aNew Delhi
_bBookhive (India)
_c2009
300 _aviii,606
650 _aUGC-NET
650 _aRev
650 _apaper
650 _aI
650 _aEd
650 _acompulsory
650 _aBookhives
650 _a2
690 _aGeneral Knowledge
906 _a064431
999 _c140572
_d140572